000 00612nam a2200229Ia 4500
003 OSt
005 20220928145713.0
006 a|||||r|||| 00| 0
007 ta
008 220927b |||||||| |||| 00| 0 eng d
024 _a82182
037 _cTextual
040 _aSDCL
_cSDCL
_beng
041 _2eng
_aeng
082 _aG11:7:f3, N7
100 _aDoyle A Ed.
245 0 _aMammalian cell culture
_bEssential techniques.
260 _c1997
700 _a Griffiths J Brian Ed.
_9514239
942 _hG11:7:f3, N7
_cTEXL
_2CC
999 _c834956
_d834956